LIBRARY & INFORMATION CENTRE, KCAET, TAVANUR

ONLINE PUBLIC ACCESS CATALOGUE (OPAC)

Motion and time study / (Record no. 2854)

MARC details
000 -LEADER
fixed length control field 00414cam a2200169ua 4500
041 ## - LANGUAGE CODE
Language code of text/sound track or separate title eng
082 ## - DEWEY DECIMAL CLASSIFICATION NUMBER
Classification number 658.542
Item number NIE/MO
100 ## - MAIN ENTRY--AUTHOR NAME
Personal name Niebel , Benjamin .
245 ## - TITLE STATEMENT
Title Motion and time study /
260 ## - PUBLICATION, DISTRIBUTION, ETC. (IMPRINT)
Place of publication :
Name of publisher Surjeet Publications ,
Year of publication 18071.
300 ## - PHYSICAL DESCRIPTION
Number of Pages 756 ; .
942 ## - ADDED ENTRY ELEMENTS (KOHA)
Koha item type Books
Holdings
Withdrawn status Lost status Damaged status Home library Current library Date acquired Full call number Accession Number Koha item type
      KAUAET KAUAET 07/04/2012 658.542 NIE/MO 18071 Books
free website counter